000 00466cam a22001457a 4500
008 180718b1975 xxu||||| |||| 00| 0 eng d
082 _aT000x5442 P187
100 _aPalsapure, P.Z.
245 _aIndustrial development of Vidarbha
_cby P.Z. Palsapure
260 _aBombay
_bPopular
_c1975
300 _a236p.
650 _aRegional planning - India - Maharashtra
650 _aIndustrial - India - Maharashtra
650 _aEconomic development - India - Maharashtra
999 _c351303
_d351303